000 00427nam a22001577a 4500
003 MPLRDC
005 20220104124332.0
008 210129b ||||| |||| 00| 0 eng d
082 _a868.71 DXH-8
100 _a戴小华、柯金德 主编
245 _a马华文学七十年的回顾与前瞻
_c
260 _a
_b马来西亚华文作家协会
_c1991
300 _b
650 _a马华文学
942 _cBK
_o868.71 DXH-8
999 _c18518
_d18508